[Event "Benidorm Satellite preliminary"]
[Site "playchess.com #007036"]
[Date "2009.10.24"]
[Round "2"]
[White "Planescape"]
[Black "Rpughiii"]
[Result "1/2-1/2"]
[WhiteElo "1717"]
[BlackElo "1302"]
[PlyCount "116"]
[EventDate "2009.10.24"]
[EventType "swiss (blitz)"]

1. e4 {[%emt 0:00:05]} e5 {[%emt 0:00:25]} 2. Nc3 {[%emt 0:00:03]} Nf6 {[%emt
0:00:03]} 3. Bc4 {[%emt 0:00:01]} Bc5 {[%emt 0:00:07]} 4. d3 {[%emt 0:00:04]}
Nc6 {[%emt 0:00:06]} 5. f4 {[%emt 0:00:01]} d6 {[%emt 0:00:02]} 6. Nf3 {[%emt
0:00:01]} O-O {[%emt 0:00:03]} 7. Na4 {[%emt 0:00:02]} Bb6 {[%emt 0:00:04]} 8.
Nxb6 {[%emt 0:00:01]} axb6 {[%emt 0:00:02]} 9. O-O {[%emt 0:00:00]} Bg4 {[%emt
0:00:05]} 10. h3 {[%emt 0:00:02]} Bxf3 {[%emt 0:00:15]} 11. Qxf3 {[%emt 0:00:
02]} Nd4 {[%emt 0:00:02]} 12. Qf2 {[%emt 0:00:01]} c6 {[%emt 0:00:08]} 13. Be3
{[%emt 0:00:04]} Ne6 {[%emt 0:00:11]} 14. f5 {[%emt 0:00:04]} Nc5 {[%emt 0:00:
12]} 15. b4 {[%emt 0:00:02]} Na4 {[%emt 0:00:03]} 16. Bg5 {[%emt 0:00:08]} b5 {
[%emt 0:00:10]} 17. Bb3 {[%emt 0:00:02]} d5 {[%emt 0:00:10]} 18. Rad1 {[%emt 0:
00:08]} Qb6 {[%emt 0:00:17]} 19. Be3 {[%emt 0:00:05]} d4 {[%emt 0:00:02]} 20.
Bg5 {[%emt 0:00:01]} c5 {[%emt 0:00:09]} 21. Qh4 {[%emt 0:00:20]} Rac8 {[%emt
0:00:11]} 22. bxc5 {[%emt 0:00:03]} Nxc5 {[%emt 0:00:05]} 23. Bxf6 {[%emt 0:00:
01]} Qxf6 {[%emt 0:00:02]} 24. Qxf6 {[%emt 0:00:01]} gxf6 {[%emt 0:00:02]} 25.
Bd5 {[%emt 0:00:00]} b6 {[%emt 0:00:09]} 26. Rb1 {[%emt 0:00:02]} Na4 {[%emt 0:
00:17]} 27. Rxb5 {[%emt 0:00:06]} Rxc2 {[%emt 0:00:02]} 28. Rb4 {[%emt 0:00:10]
} Nc3 {[%emt 0:00:25]} 29. Rxb6 {[%emt 0:00:04]} Nxa2 {[%emt 0:00:04]} 30. Rfb1
{[%emt 0:00:10]} Nc3 {[%emt 0:00:03]} 31. R1b3 {[%emt 0:00:01]} Rc1+ {[%emt 0:
00:02]} 32. Kh2 {[%emt 0:00:02]} Ne2 {[%emt 0:00:02]} 33. Rb8 {[%emt 0:00:03]}
Nf4 {[%emt 0:00:03]} 34. Rb2 {[%emt 0:00:03]} Nxd3 {[%emt 0:00:03]} 35. Rxf8+ {
[%emt 0:00:03]} Kxf8 {[%emt 0:00:02]} 36. Rb7 {[%emt 0:00:00]} Nf4 {[%emt 0:00:
06]} 37. Rxf7+ {[%emt 0:00:01]} Ke8 {[%emt 0:00:01]} 38. Rxh7 {[%emt 0:00:00]}
Nxd5 {[%emt 0:00:01]} 39. exd5 {[%emt 0:00:01]} Rc3 {[%emt 0:00:05]} 40. Kg1 {
[%emt 0:00:01]} d3 {[%emt 0:00:01]} 41. Kf1 {[%emt 0:00:01]} d2 {[%emt 0:00:01]
} 42. Ke2 {[%emt 0:00:01]} Rc2 {[%emt 0:00:03]} 43. g4 {[%emt 0:00:08] .} Rc5 {
[%emt 0:00:04]} 44. Kxd2 {[%emt 0:00:02]} Rxd5+ {[%emt 0:00:01]} 45. Ke3 {
[%emt 0:00:00]} Rd7 {[%emt 0:00:01]} 46. Rh8+ {[%emt 0:00:08]} Ke7 {[%emt 0:00:
02]} 47. h4 {[%emt 0:00:01]} Kf7 {[%emt 0:00:03]} 48. Rh7+ {[%emt 0:00:01]} Ke8
{[%emt 0:00:02]} 49. Rxd7 {[%emt 0:00:01]} Kxd7 {[%emt 0:00:02]} 50. Ke4 {
[%emt 0:00:00]} Ke7 {[%emt 0:00:01]} 51. Kd5 {[%emt 0:00:03]} Kf7 {[%emt 0:00:
01]} 52. Kd6 {[%emt 0:00:01]} Kg7 {[%emt 0:00:01]} 53. h5 {[%emt 0:00:04]} e4 {
[%emt 0:00:01]} 54. Ke6 {[%emt 0:00:01]} e3 {[%emt 0:00:01]} 55. g5 {[%emt 0:
00:00]} e2 {[%emt 0:00:04]} 56. gxf6+ {[%emt 0:00:01]} Kf8 {[%emt 0:00:01]} 57.
h6 {[%emt 0:00:00]} e1=Q+ {[%emt 0:00:03]} 58. Kd5 {[%emt 0:00:00] Rpughiii
offers a draw} Qd2+ {[%emt 0:00:03]} 1/2-1/2

[Event "Benidorm Satellite preliminary"]
[Site "playchess.com #007036"]
[Date "2009.10.24"]
[Round "2"]
[White "Kampfgeist"]
[Black "Jolan"]
[Result "0-1"]
[WhiteElo "1321"]
[BlackElo "1718"]
[PlyCount "84"]
[EventDate "2009.10.24"]
[EventType "swiss (blitz)"]

1. e4 {[%emt 0:00:02]} Nf6 {[%emt 0:00:04]} 2. e5 {[%emt 0:00:01]} Nd5 {[%emt
0:00:01]} 3. c4 {[%emt 0:00:02]} Nb6 {[%emt 0:00:01]} 4. d4 {[%emt 0:00:02]} d6
{[%emt 0:00:01]} 5. f4 {[%emt 0:00:02]} dxe5 {[%emt 0:00:02]} 6. fxe5 {[%emt 0:
00:02]} c5 {[%emt 0:00:00]} 7. Be3 {[%emt 0:00:05]} cxd4 {[%emt 0:00:07]} 8.
Bxd4 {[%emt 0:00:07]} Nc6 {[%emt 0:00:01]} 9. Nf3 {[%emt 0:00:04]} Bg4 {[%emt
0:00:03]} 10. Bxb6 {[%emt 0:00:40]} Qxb6 {[%emt 0:00:05]} 11. Qe2 {[%emt 0:00:
11]} Nd4 {[%emt 0:00:14]} 12. Qf2 {[%emt 0:00:22]} Nxf3+ {[%emt 0:00:06]} 13.
gxf3 {[%emt 0:00:04]} Qb4+ {[%emt 0:00:10]} 14. Nc3 {[%emt 0:00:03]} Bf5 {
[%emt 0:00:06]} 15. a3 {[%emt 0:00:08]} Qa5 {[%emt 0:00:09]} 16. O-O-O {[%emt
0:00:03]} e6 {[%emt 0:00:26]} 17. Nb5 {[%emt 0:00:04]} Be7 {[%emt 0:00:24]} 18.
b4 {[%emt 0:00:05]} Qa4 {[%emt 0:00:13]} 19. Nc7+ {[%emt 0:00:02]} Kf8 {[%emt
0:00:03]} 20. Nxa8 {[%emt 0:00:01]} Qxa3+ {[%emt 0:00:02]} 21. Qb2 {[%emt 0:00:
17]} Qe3+ {[%emt 0:00:09]} 22. Qd2 {[%emt 0:00:15]} Qa3+ {[%emt 0:00:17]} 23.
Qb2 {[%emt 0:00:02]} Qxb2+ {[%emt 0:00:06]} 24. Kxb2 {[%emt 0:00:01]} g6 {
[%emt 0:00:01]} 25. Rd7 {[%emt 0:00:05]} Ke8 {[%emt 0:00:09]} 26. Rxb7 {[%emt
0:00:03]} Bg5 {[%emt 0:00:20]} 27. f4 {[%emt 0:00:07]} Be7 {[%emt 0:00:07]} 28.
c5 {[%emt 0:00:02]} Be4 {[%emt 0:00:02]} 29. Rb8+ {[%emt 0:00:05]} Bd8 {[%emt
0:00:01]} 30. Nc7+ {[%emt 0:00:05]} Kd7 {[%emt 0:00:02]} 31. Nb5 {[%emt 0:00:
10]} Bxh1 {[%emt 0:00:02]} 32. Nd6 {[%emt 0:00:08]} Rf8 {[%emt 0:00:09]} 33.
Bb5+ {[%emt 0:00:03]} Kc7 {[%emt 0:00:03]} 34. Rb7+ {[%emt 0:00:03]} Bxb7 {
[%emt 0:00:16]} 35. Nxb7 {[%emt 0:00:03]} Kxb7 {[%emt 0:00:01]} 36. Kc3 {[%emt
0:00:01]} a6 {[%emt 0:00:01]} 37. c6+ {[%emt 0:00:04]} Kb6 {[%emt 0:00:03]} 38.
Ba4 {[%emt 0:00:03]} Bc7 {[%emt 0:00:01]} 39. Kc4 {[%emt 0:00:02]} Rd8 {[%emt
0:00:01]} 40. b5 {[%emt 0:00:03]} axb5+ {[%emt 0:00:01]} 41. Bxb5 {[%emt 0:00:
01]} Rd2 {[%emt 0:00:01]} 42. Ba4 {[%emt 0:00:03]} Rxh2 {[%emt 0:00:01]
Kampfgeist gibt auf} 0-1

[Event "Benidorm Satellite preliminary"]
[Site "playchess.com #007036"]
[Date "2009.10.24"]
[Round "2"]
[White "Scottramott"]
[Black "Beckhambauer"]
[Result "1-0"]
[WhiteElo "1789"]
[BlackElo "1553"]
[PlyCount "103"]
[EventDate "2009.10.24"]
[EventType "swiss (blitz)"]

1. d4 {[%emt 0:00:03]} Nf6 {[%emt 0:00:03]} 2. Bf4 {[%emt 0:00:01]} d6 {[%emt
0:00:02]} 3. e3 {[%emt 0:00:00]} g6 {[%emt 0:00:01]} 4. h3 {[%emt 0:00:01]} Bg7
{[%emt 0:00:01]} 5. Nf3 {[%emt 0:00:00]} Nbd7 {[%emt 0:00:01]} 6. Bc4 {[%emt 0:
00:01]} c5 {[%emt 0:00:04]} 7. c3 {[%emt 0:00:01]} cxd4 {[%emt 0:00:01]} 8.
exd4 {[%emt 0:00:01]} a6 {[%emt 0:00:01]} 9. a3 {[%emt 0:00:02]} b5 {[%emt 0:
00:01]} 10. Bb3 {[%emt 0:00:01]} Bb7 {[%emt 0:00:01]} 11. O-O {[%emt 0:00:01]}
O-O {[%emt 0:00:02]} 12. Nbd2 {[%emt 0:00:00]} Bd5 {[%emt 0:00:03]} 13. Bc2 {
[%emt 0:00:03]} Rc8 {[%emt 0:00:05]} 14. Qe2 {[%emt 0:00:01]} Re8 {[%emt 0:00:
02]} 15. Rae1 {[%emt 0:00:03]} Nb6 {[%emt 0:00:04]} 16. Bd3 {[%emt 0:00:03]}
Nh5 {[%emt 0:00:26]} 17. Bh2 {[%emt 0:00:02]} Nd7 {[%emt 0:00:12]} 18. g4 {
[%emt 0:00:01]} Nhf6 {[%emt 0:00:03]} 19. Ne4 {[%emt 0:00:03]} Nxe4 {[%emt 0:
00:10]} 20. Bxe4 {[%emt 0:00:01]} Bxe4 {[%emt 0:00:02]} 21. Qxe4 {[%emt 0:00:
01]} e5 {[%emt 0:00:04]} 22. dxe5 {[%emt 0:00:11]} dxe5 {[%emt 0:00:03]} 23.
Qb7 {[%emt 0:00:07]} Nc5 {[%emt 0:00:08]} 24. Qa7 {[%emt 0:00:26]} Re7 {[%emt
0:00:10]} 25. Qxe7 {[%emt 0:00:12]} Qxe7 {[%emt 0:00:03]} 26. Nxe5 {[%emt 0:00:
03]} Qh4 {[%emt 0:00:11]} 27. Kg2 {[%emt 0:00:07]} Ne6 {[%emt 0:00:09]} 28. f4
{[%emt 0:00:12]} f5 {[%emt 0:00:09]} 29. Nf3 {[%emt 0:00:13]} Qd8 {[%emt 0:00:
09]} 30. Rxe6 {[%emt 0:00:03]} Qd3 {[%emt 0:00:12]} 31. Rfe1 {[%emt 0:00:03]}
Qc2+ {[%emt 0:00:16]} 32. R1e2 {[%emt 0:00:02]} Qd3 {[%emt 0:00:03]} 33. Bg3 {
[%emt 0:00:05]} fxg4 {[%emt 0:00:04]} 34. hxg4 {[%emt 0:00:03]} a5 {[%emt 0:00:
12]} 35. R6e3 {[%emt 0:00:20]} Qd5 {[%emt 0:00:05]} 36. Kh2 {[%emt 0:00:03]} b4
{[%emt 0:00:03]} 37. axb4 {[%emt 0:00:03]} axb4 {[%emt 0:00:01]} 38. cxb4 {
[%emt 0:00:02]} Rb8 {[%emt 0:00:02]} 39. Ng5 {[%emt 0:00:03]} h6 {[%emt 0:00:
13]} 40. Ne6 {[%emt 0:00:18]} Kf7 {[%emt 0:00:25]} 41. Nxg7 {[%emt 0:00:07]}
Kxg7 {[%emt 0:00:03]} 42. Re7+ {[%emt 0:00:01]} Kf6 {[%emt 0:00:04]} 43. R2e6+
{[%emt 0:00:02]} Qxe6 {[%emt 0:00:03]} 44. Rxe6+ {[%emt 0:00:01]} Kxe6 {[%emt
0:00:01]} 45. f5+ {[%emt 0:00:00]} gxf5 {[%emt 0:00:01]} 46. Bxb8 {[%emt 0:00:
00]} fxg4 {[%emt 0:00:06]} 47. Kg3 {[%emt 0:00:01]} h5 {[%emt 0:00:01]} 48. Kh4
{[%emt 0:00:07]} Kd5 {[%emt 0:00:04]} 49. Kxh5 {[%emt 0:00:02]} g3 {[%emt 0:00:
03]} 50. Bxg3 {[%emt 0:00:02]} Kc4 {[%emt 0:00:00]} 51. Bd6 {[%emt 0:00:01]}
Kb3 {[%emt 0:00:01]} 52. b5 {[%emt 0:00:01] Beckhambauer gibt auf} 1-0

[Event "Benidorm Satellite preliminary"]
[Site "playchess.com #007036"]
[Date "2009.10.24"]
[Round "2"]
[White "Dr-Bassem"]
[Black "Scottie"]
[Result "0-1"]
[WhiteElo "2882"]
[BlackElo "2259"]
[PlyCount "76"]
[EventDate "2009.10.24"]
[EventType "swiss (blitz)"]

1. e4 {[%emt 0:00:02]} c5 {[%emt 0:00:01]} 2. Nf3 {[%emt 0:00:01]} d6 {[%emt 0:
00:00]} 3. g3 {[%emt 0:00:02]} g6 {[%emt 0:00:03]} 4. Bg2 {[%emt 0:00:04]} Bg7
{[%emt 0:00:00]} 5. O-O {[%emt 0:00:00]} Nc6 {[%emt 0:00:00]} 6. c3 {[%emt 0:
00:00]} Bg4 {[%emt 0:00:02]} 7. h3 {[%emt 0:00:01]} Bxf3 {[%emt 0:00:01]} 8.
Qxf3 {[%emt 0:00:00]} Nf6 {[%emt 0:00:01]} 9. Rd1 {[%emt 0:00:01]} Nd7 {[%emt
0:00:01]} 10. Qe2 {[%emt 0:00:01]} O-O {[%emt 0:00:03]} 11. Na3 {[%emt 0:00:02]
} Rb8 {[%emt 0:00:01]} 12. h4 {[%emt 0:00:01]} b5 {[%emt 0:00:04]} 13. Nxb5 {
[%emt 0:00:03]} Qb6 {[%emt 0:00:02]} 14. Na3 {[%emt 0:00:01]} h5 {[%emt 0:00:
06]} 15. d3 {[%emt 0:00:02]} Nde5 {[%emt 0:00:11]} 16. Nc2 {[%emt 0:00:08]} Qa6
{[%emt 0:00:01]} 17. Ne3 {[%emt 0:00:16]} e6 {[%emt 0:00:03]} 18. Bf1 {[%emt 0:
00:30]} Nd7 {[%emt 0:00:19]} 19. g4 {[%emt 0:00:15]} Nf6 {[%emt 0:00:13]} 20.
g5 {[%emt 0:00:05]} Nd7 {[%emt 0:00:02]} 21. f4 {[%emt 0:00:01]} Na5 {[%emt 0:
00:09]} 22. f5 {[%emt 0:00:09]} Nb3 {[%emt 0:00:20]} 23. axb3 {[%emt 0:00:47]}
Qxa1 {[%emt 0:00:02]} 24. fxe6 {[%emt 0:00:33]} fxe6 {[%emt 0:00:02]} 25. Bh3 {
[%emt 0:00:01]} Rbe8 {[%emt 0:00:09]} 26. d4 {[%emt 0:00:08]} cxd4 {[%emt 0:00:
16]} 27. Nc2 {[%emt 0:00:01]} Qa5 {[%emt 0:00:04]} 28. cxd4 {[%emt 0:00:08]}
Qb6 {[%emt 0:00:11]} 29. Qc4 {[%emt 0:00:03]} Ne5 {[%emt 0:00:30]} 30. Bxe6+ {
[%emt 0:00:02]} Kh8 {[%emt 0:00:01]} 31. Qd5 {[%emt 0:00:00]} Nf3+ {[%emt 0:00:
05]} 32. Kh1 {[%emt 0:00:01]} Qa6 {[%emt 0:00:20]} 33. Bf7 {[%emt 0:00:11]} Qe2
{[%emt 0:00:05]} 34. Bf4 {[%emt 0:00:13]} Qxd1+ {[%emt 0:00:04]} 35. Kg2 {
[%emt 0:00:00]} Qxc2+ {[%emt 0:00:04]} 36. Kxf3 {[%emt 0:00:01]} Qd3+ {[%emt 0:
00:03]} 37. Be3 {[%emt 0:00:12]} Rxf7+ {[%emt 0:00:04]} 38. Qxf7 {[%emt 0:00:
01]} Rf8 {[%emt 0:00:01] Dr-Bassem resigns} 0-1

[Event "Benidorm Satellite preliminary"]
[Site "playchess.com #007036"]
[Date "2009.10.24"]
[Round "2"]
[White "Lei"]
[Black "Vijayvikram"]
[Result "0-1"]
[WhiteElo "1382"]
[BlackElo "1743"]
[PlyCount "68"]
[EventDate "2009.10.24"]
[EventType "swiss (blitz)"]

1. e4 {[%emt 0:00:02]} c5 {[%emt 0:00:01]} 2. Nf3 {[%emt 0:00:01]} d6 {[%emt 0:
00:01]} 3. d4 {[%emt 0:00:01]} cxd4 {[%emt 0:00:00]} 4. Nxd4 {[%emt 0:00:01]}
Nf6 {[%emt 0:00:00]} 5. Nc3 {[%emt 0:00:01]} Nc6 {[%emt 0:00:00]} 6. Be3 {
[%emt 0:00:03]} e6 {[%emt 0:00:01]} 7. Nxc6 {[%emt 0:00:01]} bxc6 {[%emt 0:00:
01]} 8. Bd3 {[%emt 0:00:02]} Be7 {[%emt 0:00:03]} 9. O-O {[%emt 0:00:01]} e5 {
[%emt 0:00:07]} 10. f4 {[%emt 0:00:03]} O-O {[%emt 0:00:10]} 11. f5 {[%emt 0:
00:04]} d5 {[%emt 0:00:08]} 12. Qe1 {[%emt 0:00:11]} d4 {[%emt 0:00:05]} 13.
Bh6 {[%emt 0:00:49]} gxh6 {[%emt 0:00:14]} 14. Ne2 {[%emt 0:00:18]} Kh8 {[%emt
0:00:05]} 15. Rf3 {[%emt 0:00:07]} Rg8 {[%emt 0:00:02]} 16. Rh3 {[%emt 0:00:13]
} h5 {[%emt 0:00:03]} 17. Qd2 {[%emt 0:00:13]} Qf8 {[%emt 0:00:12]} 18. Rf1 {
[%emt 0:00:07]} Rg4 {[%emt 0:00:10]} 19. Ng3 {[%emt 0:00:18]} Qg7 {[%emt 0:00:
11]} 20. Be2 {[%emt 0:00:05]} Nxe4 {[%emt 0:00:10]} 21. Nxe4 {[%emt 0:00:05]}
Rxe4 {[%emt 0:00:10]} 22. Bxh5 {[%emt 0:00:20]} Bg5 {[%emt 0:00:23]} 23. Qd3 {
[%emt 0:00:33]} Re3 {[%emt 0:00:09]} 24. Qc4 {[%emt 0:00:05]} Rxh3 {[%emt 0:00:
13] '} 25. Bxf7 {[%emt 0:00:06]} Be3+ {[%emt 0:00:23]} 26. Kh1 {[%emt 0:00:01]}
Rh4 {[%emt 0:00:17]} 27. Qxc6 {[%emt 0:00:01]} Rb8 {[%emt 0:00:08]} 28. f6 {
[%emt 0:00:01]} Qf8 {[%emt 0:00:07]} 29. Qd5 {[%emt 0:00:03]} Bb7 {[%emt 0:00:
02]} 30. Qxe5 {[%emt 0:00:02]} Rg4 {[%emt 0:00:13]} 31. Rf3 {[%emt 0:00:03]}
Bxf3 {[%emt 0:00:03]} 32. Bg6 {[%emt 0:00:03]} Rxg6 {[%emt 0:00:02]} 33. f7+ {
[%emt 0:00:01]} Rg7 {[%emt 0:00:02]} 34. Qf6 {[%emt 0:00:02]} Bxg2# {[%emt 0:
00:02]} 0-1

[Event "Benidorm Satellite preliminary"]
[Site "playchess.com #007036"]
[Date "2009.10.24"]
[Round "2"]
[White "A Menon"]
[Black "Pupu"]
[Result "0-1"]
[WhiteElo "1524"]
[BlackElo "2085"]
[PlyCount "138"]
[EventDate "2009.10.24"]
[EventType "swiss (blitz)"]

1. e4 {[%emt 0:00:03]} d5 {[%emt 0:00:02]} 2. exd5 {[%emt 0:00:02]} Nf6 {[%emt
0:00:01]} 3. d4 {[%emt 0:00:05]} c6 {[%emt 0:00:01]} 4. dxc6 {[%emt 0:00:03]}
Nxc6 {[%emt 0:00:01]} 5. Bb5 {[%emt 0:00:03]} e5 {[%emt 0:00:06]} 6. dxe5 {
[%emt 0:00:09]} Qxd1+ {[%emt 0:00:02]} 7. Kxd1 {[%emt 0:00:01]} Ng4 {[%emt 0:
00:01]} 8. Ke1 {[%emt 0:00:01]} Bc5 {[%emt 0:00:02]} 9. Nh3 {[%emt 0:00:05]}
O-O {[%emt 0:00:07]} 10. Bxc6 {[%emt 0:00:16]} bxc6 {[%emt 0:00:02]} 11. Bf4 {
[%emt 0:00:01]} Bf5 {[%emt 0:00:04]} 12. c3 {[%emt 0:00:05]} Rfe8 {[%emt 0:00:
01]} 13. Nd2 {[%emt 0:00:10]} Nxe5 {[%emt 0:00:02]} 14. Bxe5 {[%emt 0:00:11]}
Rxe5+ {[%emt 0:00:02]} 15. Kd1 {[%emt 0:00:08]} Bxh3 {[%emt 0:00:11]} 16. gxh3
{[%emt 0:00:03]} Rd8 {[%emt 0:00:08]} 17. Re1 {[%emt 0:00:42]} Rxe1+ {[%emt 0:
00:04]} 18. Kxe1 {[%emt 0:00:01]} Bxf2+ {[%emt 0:00:01]} 19. Kxf2 {[%emt 0:00:
01]} Rxd2+ {[%emt 0:00:02]} 20. Kg3 {[%emt 0:00:05]} Rxb2 {[%emt 0:00:02]} 21.
Rd1 {[%emt 0:00:06]} g6 {[%emt 0:00:02]} 22. Rd6 {[%emt 0:00:03]} Rxa2 {[%emt
0:00:08]} 23. Rxc6 {[%emt 0:00:05]} Rc2 {[%emt 0:00:01]} 24. c4 {[%emt 0:00:03]
} a5 {[%emt 0:00:02]} 25. c5 {[%emt 0:00:02]} a4 {[%emt 0:00:01]} 26. Rc8+ {
[%emt 0:00:02]} Kg7 {[%emt 0:00:01]} 27. c6 {[%emt 0:00:01]} a3 {[%emt 0:00:01]
} 28. c7 {[%emt 0:00:07]} a2 {[%emt 0:00:01]} 29. Ra8 {[%emt 0:00:02]} Rxc7 {
[%emt 0:00:03]} 30. Rxa2 {[%emt 0:00:02]} h5 {[%emt 0:00:03]} 31. Rf2 {[%emt 0:
00:05]} g5 {[%emt 0:00:07]} 32. Rf3 {[%emt 0:00:06]} Kg6 {[%emt 0:00:02]} 33.
Rb3 {[%emt 0:00:10]} Rc4 {[%emt 0:00:05]} 34. Rb5 {[%emt 0:00:07]} Rc3+ {[%emt
0:00:06]} 35. Kg2 {[%emt 0:00:02]} h4 {[%emt 0:00:02]} 36. Rb6+ {[%emt 0:00:04]
} f6 {[%emt 0:00:04]} 37. Rb2 {[%emt 0:00:03]} Rc4 {[%emt 0:00:09]} 38. Rd2 {
[%emt 0:00:03]} Kf5 {[%emt 0:00:03]} 39. Rf2+ {[%emt 0:00:01]} Ke5 {[%emt 0:00:
03]} 40. Rb2 {[%emt 0:00:03]} f5 {[%emt 0:00:02]} 41. Rb5+ {[%emt 0:00:02]} Kf4
{[%emt 0:00:01]} 42. Rb2 {[%emt 0:00:01]} Re4 {[%emt 0:00:08]} 43. Rf2+ {[%emt
0:00:02]} Ke5 {[%emt 0:00:01]} 44. Rc2 {[%emt 0:00:02]} Rd4 {[%emt 0:00:06]}
45. Re2+ {[%emt 0:00:03]} Re4 {[%emt 0:00:02]} 46. Rc2 {[%emt 0:00:01]} f4 {
[%emt 0:00:03]} 47. Rc5+ {[%emt 0:00:02]} Kf6 {[%emt 0:00:01]} 48. Kf3 {[%emt
0:00:02]} Re3+ {[%emt 0:00:03]} 49. Kg4 {[%emt 0:00:01]} Re2 {[%emt 0:00:12]}
50. Rc6+ {[%emt 0:00:06]} Ke5 {[%emt 0:00:02]} 51. Kxg5 {[%emt 0:00:01]} Rxh2 {
[%emt 0:00:10]} 52. Kxh4 {[%emt 0:00:01]} Rg2 {[%emt 0:00:01]} 53. Rc1 {[%emt
0:00:06]} f3 {[%emt 0:00:01]} 54. Re1+ {[%emt 0:00:12]} Kf4 {[%emt 0:00:01]}
55. Re8 {[%emt 0:00:04]} f2 {[%emt 0:00:03]} 56. Rf8+ {[%emt 0:00:01]} Ke3 {
[%emt 0:00:01]} 57. Re8+ {[%emt 0:00:01]} Kf3 {[%emt 0:00:02]} 58. Rf8+ {[%emt
0:00:01]} Ke2 {[%emt 0:00:01]} 59. Re8+ {[%emt 0:00:01]} Kf1 {[%emt 0:00:01]}
60. Kh5 {[%emt 0:00:05]} Kg1 {[%emt 0:00:04]} 61. Rf8 {[%emt 0:00:01]} f1=Q {
[%emt 0:00:08]} 62. Rxf1+ {[%emt 0:00:03]} Kxf1 {[%emt 0:00:01]} 63. h4 {[%emt
0:00:01]} Kf2 {[%emt 0:00:01]} 64. Kh6 {[%emt 0:00:01]} Kf3 {[%emt 0:00:01]}
65. h5 {[%emt 0:00:02]} Kg4 {[%emt 0:00:03]} 66. Kg6 {[%emt 0:00:03]} Kh4+ {
[%emt 0:00:01]} 67. Kh6 {[%emt 0:00:01]} Rg5 {[%emt 0:00:02]} 68. Kh7 {[%emt 0:
00:01]} Rxh5+ {[%emt 0:00:01]} 69. Kg7 {[%emt 0:00:01]} Kg4 {[%emt 0:00:02]}
0-1

[Event "Benidorm Satellite preliminary"]
[Site "playchess.com #007036"]
[Date "2009.10.24"]
[Round "2"]
[White "Palmolive"]
[Black "Direchess"]
[Result "0-1"]
[WhiteElo "2472"]
[BlackElo "1910"]
[PlyCount "100"]
[EventDate "2009.10.24"]
[EventType "swiss (blitz)"]

1. e4 {[%emt 0:00:02]} c5 {[%emt 0:00:01]} 2. Nf3 {[%emt 0:00:01]} e6 {[%emt 0:
00:03]} 3. d4 {[%emt 0:00:02]} cxd4 {[%emt 0:00:00]} 4. Nxd4 {[%emt 0:00:01]}
Nc6 {[%emt 0:00:00]} 5. Nb5 {[%emt 0:00:01]} d6 {[%emt 0:00:06]} 6. Bf4 {[%emt
0:00:01]} Ne5 {[%emt 0:00:02]} 7. Bxe5 {[%emt 0:00:04]} dxe5 {[%emt 0:00:00]}
8. Qxd8+ {[%emt 0:00:02]} Kxd8 {[%emt 0:00:00]} 9. Nd2 {[%emt 0:00:05]} a6 {
[%emt 0:00:01]} 10. Nc3 {[%emt 0:00:01]} Bb4 {[%emt 0:00:03]} 11. Na4 {[%emt 0:
00:22]} b5 {[%emt 0:00:08]} 12. Nb6 {[%emt 0:00:02]} Rb8 {[%emt 0:00:03]} 13.
Nxc8 {[%emt 0:00:01]} Rxc8 {[%emt 0:00:00]} 14. c3 {[%emt 0:00:01]} Bc5 {[%emt
0:00:06]} 15. Nb3 {[%emt 0:00:04]} Bb6 {[%emt 0:00:03]} 16. Be2 {[%emt 0:00:03]
} Nf6 {[%emt 0:00:02]} 17. f3 {[%emt 0:00:02]} Ke7 {[%emt 0:00:05]} 18. a4 {
[%emt 0:00:02]} bxa4 {[%emt 0:00:27]} 19. Rxa4 {[%emt 0:00:06]} a5 {[%emt 0:00:
02]} 20. Kd1 {[%emt 0:00:23]} Rhd8+ {[%emt 0:00:06]} 21. Kc2 {[%emt 0:00:02]}
Ra8 {[%emt 0:00:02]} 22. Rha1 {[%emt 0:00:03]} Nd7 {[%emt 0:00:11]} 23. Nxa5 {
[%emt 0:00:07]} Bxa5 {[%emt 0:00:08]} 24. Rxa5 {[%emt 0:00:01]} Rab8 {[%emt 0:
00:01]} 25. Ra7 {[%emt 0:00:14]} Kf6 {[%emt 0:00:04]} 26. Rc7 {[%emt 0:00:07]}
Rbc8 {[%emt 0:00:12]} 27. Raa7 {[%emt 0:00:35]} Rxc7 {[%emt 0:00:03]} 28. Rxc7
{[%emt 0:00:01]} Nb8 {[%emt 0:00:05]} 29. Bb5 {[%emt 0:00:03]} h5 {[%emt 0:00:
10]} 30. b4 {[%emt 0:00:06]} g5 {[%emt 0:00:03]} 31. Ra7 {[%emt 0:00:04]} g4 {
[%emt 0:00:07]} 32. Ra8 {[%emt 0:00:08]} gxf3 {[%emt 0:00:05]} 33. gxf3 {[%emt
0:00:01]} Kg5 {[%emt 0:00:01]} 34. Be2 {[%emt 0:00:10]} Kf4 {[%emt 0:00:01]}
35. b5 {[%emt 0:00:08]} Ke3 {[%emt 0:00:02]} 36. Bc4 {[%emt 0:00:12]} Kxf3 {
[%emt 0:00:04]} 37. b6 {[%emt 0:00:01]} Kxe4 {[%emt 0:00:01]} 38. b7 {[%emt 0:
00:01]} f5 {[%emt 0:00:02]} 39. Bxe6 {[%emt 0:00:02]} f4 {[%emt 0:00:01]} 40.
Ra4+ {[%emt 0:00:09]} Ke3 {[%emt 0:00:02]} 41. Bc8 {[%emt 0:00:09]} f3 {[%emt
0:00:03]} 42. Rc4 {[%emt 0:00:09]} Rd2+ {[%emt 0:00:15]} 43. Kb3 {[%emt 0:00:
02]} f2 {[%emt 0:00:12]} 44. Bh3 {[%emt 0:00:11]} Rd1 {[%emt 0:00:01]} 45. Rc8
{[%emt 0:00:02]} Na6 {[%emt 0:00:01]} 46. Kc2 {[%emt 0:00:02]} Rg1 {[%emt 0:00:
11]} 47. b8=Q {[%emt 0:00:10]} Nxb8 {[%emt 0:00:02]} 48. Rxb8 {[%emt 0:00:01]}
f1=Q {[%emt 0:00:04]} 49. Bxf1 {[%emt 0:00:01]} Rxf1 {[%emt 0:00:00]} 50. Rf8 {
[%emt 0:00:01]} Rxf8 {[%emt 0:00:02] Palmolive resigns} 0-1